Current trends in building defects relating to the fabric of a building, its cladding and structure (Record no. 74995)
[ view plain ]
| 000 -LEADER | |
|---|---|
| fixed length control field | 01344cab a2200253 4500 |
| 001 - CONTROL NUMBER | |
| control field | ABS68793 |
| 008 - FIXED-LENGTH DATA ELEMENTS--GENERAL INFORMATION | |
| fixed length control field | 050329n2005 000 0 eng u |
| 035 ## - SYSTEM CONTROL NUMBER | |
| System control number | (Sirsi) u129197 |
| 100 ## - MAIN ENTRY--PERSONAL NAME | |
| Personal name | Tee, A. |
| 245 ## - TITLE STATEMENT | |
| Title | Current trends in building defects relating to the fabric of a building, its cladding and structure |
| 260 ## - PUBLICATION, DISTRIBUTION, ETC. | |
| Date of publication, distribution, etc. | 2005 |
| 490 ## - SERIES STATEMENT | |
| Series statement | Journal of Building Appraisal |
| Volume/sequential designation | 1(1) February 2005, 81-92(12) |
| 520 ## - SUMMARY, ETC. | |
| Summary, etc. | Updates many commonly known and established building defects where there may be a new view or revised thinking. Includes an update on new construction and the particular defects that may occur, mainly with commercial property, in a summary of topical issues. Includes steel-frame corrosion, composite cladding, multi-storey car-parks and concrete problems. Concludes that although the quality of building construction has improved since the 1960s and early 1970s, modern buildings are rarely defect free. Stresses that keeping moisture out of building fabric can greatly reduce the number of defects. |
| 590 ## - LOCAL NOTE (RLIN) | |
| Local note | ABS |
| 650 ## - SUBJECT ADDED ENTRY--TOPICAL TERM | |
| Topical term or geographic name entry element | CLADDING |
| 650 ## - SUBJECT ADDED ENTRY--TOPICAL TERM | |
| Topical term or geographic name entry element | MULTI-STOREY CAR PARKS |
| 650 ## - SUBJECT ADDED ENTRY--TOPICAL TERM | |
| Topical term or geographic name entry element | STEEL CORROSION |
| 650 ## - SUBJECT ADDED ENTRY--TOPICAL TERM | |
| Topical term or geographic name entry element | CONCRETE DEFECTS |
| 650 ## - SUBJECT ADDED ENTRY--TOPICAL TERM | |
| Topical term or geographic name entry element | STEEL FRAME BUILDINGS |
| 650 ## - SUBJECT ADDED ENTRY--TOPICAL TERM | |
| Topical term or geographic name entry element | COMMERCIAL BUILDINGS |
| 650 ## - SUBJECT ADDED ENTRY--TOPICAL TERM | |
| Topical term or geographic name entry element | BUILDING DEFECTS |
| 690 ## - LOCAL SUBJECT ADDED ENTRY--TOPICAL TERM (OCLC, RLIN) | |
| Topical term or geographic name as entry element | BUILT ENVIRONMENT-BUILDING PATHOLOGY |
| 942 ## - ADDED ENTRY ELEMENTS (KOHA) | |
| Suppress in OPAC | 0 |
| Withdrawn status | Lost status | Source of classification or shelving scheme | Damaged status | Not for loan | Home library | Current library | Shelving location | Date acquired | Total Checkouts | Full call number | Barcode | Date last seen | Copy number | Price effective from | Koha item type |
|---|---|---|---|---|---|---|---|---|---|---|---|---|---|---|---|
| Dewey Decimal Classification | London | London | Journal article | 29/03/2005 | ABS68793 | 129197-1001 | 06/08/2019 | 1 | 06/08/2019 | Journal article |